| 000 | 00793cam3a220025300 4500 | ||
|---|---|---|---|
| 001 | lce00622262 | ||
| 005 | 20190830102730.0 | ||
| 008 | 731001s1967 ne b 000 0 eng | ||
| 010 | _a 67099158 //r92 | ||
| 015 | _aNe67-26 | ||
| 035 | _a(Sirsi) r110773 | ||
| 035 | _a(DLC) 67099158 //r92 | ||
| 035 | _a(UPRA)lce00622262 | ||
| 040 |
_aDLC _cDLC _dDLC |
||
| 050 | 0 | 0 |
_aJX1977 _b.W46 |
| 082 | 0 | 0 | _a341.13 |
| 100 | 1 |
_aWerners, S. E. (Siegfried E.) _qWerners, S. E. (Siegfried E.) _6A70773.1 |
|
| 245 | 1 | 4 |
_aThe presiding officers in the United Nations. _cBy S. E. Werners. |
| 260 |
_aHaarlem, _bF. Bohn, _c1967. |
||
| 504 | _aBibliography: p. [201]-204. | ||
| 610 | 2 | 0 |
_aUnited Nations. _6S220.2 |
| 949 |
_aJX1977 _wlcc _i33729001782015 _mMAIN _p2500 _tBOOK _lON-SHELF |
||
| 004 | 110773 | ||
| 999 |
_c183814 _d183815 |
||